القادة صناع التغيير : (Record no. 14194)
[ view plain ]
| 000 -الفاتح | |
|---|---|
| حقل البيانات ثابتة الطول | 01020nam a22002297a 4500 |
| 003 - محدد رقم الضبط | |
| رقم الضبط | EG-ScBUE |
| 005 - وقت وتاريخ اخر تعامل مع التسجيلة | |
| رقم الضبط | 20221120071527.0 |
| 008 - عناصر البيانات ثابتة الطول - معلومات عامة | |
| حقل البيانات ثابتة الطول | 100623s2005 ua f 000 0 ara d |
| 017 ## - رقم الإيداع القانونى | |
| رقم الإيداع القانونى | 2005 / 13502 |
| 040 ## - مصدر الفهرسة | |
| وكالة الفهرسة الأصلية | EG-ScBUE |
| لغة الفهرسة | ara |
| قواعد الوصف | rda |
| وكالة النسخ | EG-ScBUE |
| وكالة التعديل | EG-ScBUE |
| 082 04 - رقم تصنيف ديوى العشرى | |
| رقم الطبعة | 22 |
| رقم التصنيف | 658.409 |
| رقم المادة | هـ و ا |
| 100 1# - المدخل الرئيسى - إسم شخصى | |
| 9 (RLIN) | 15105 |
| الإسم الشخصى | هواري، سيد، |
| الدور | مؤلف. |
| 245 12 - بيان العنوان | |
| العنوان | القادة صناع التغيير : |
| بقية العنوان | الرؤى و الذكاء الوجداني وتحويل المشاعر السلبية / |
| بيان المسئوليه,etc | الدكتور سيد الهواري، أستاذ إدارة الأعمال، كلية التجارة، جامعة عين شمس (غير متفرغ). |
| 264 #1 - النشر، التوزيع | |
| مكان الناشر او الموزع | [القاهرة] : |
| اسم الناشر او الموزع | سيد الهواري، |
| تاريخ النشر أو التوزيع | 2005. |
| 300 ## - الوصف المادى | |
| التعداد | 88 صفحة ؛ |
| أبعاد الوعاء | 24 سم. |
| 490 0# - بيان السلسلة | |
| عنوان السلسلة | تحويل الأحلام الكبيرة إلى نتائج |
| 650 #7 - المدخل الاضافى بالموضوع-مصطلح موضوعى | |
| 9 (RLIN) | 15143 |
| مصطلح موضوعي أو اسم جغرافي كعنصر مدخل | القيادة الإدارية. |
| مصدر الرأس أو المصطلح | BUEsh |
| 650 #7 - المدخل الاضافى بالموضوع-مصطلح موضوعى | |
| 9 (RLIN) | 15150 |
| مصطلح موضوعي أو اسم جغرافي كعنصر مدخل | الكفاءة الإدارية. |
| مصدر الرأس أو المصطلح | BUEsh |
| 653 ## - مصطلح تكشيفى غير مقيد | |
| Resource For college | BAEPS, Business Administration |
| 655 ## - مصطلح تكشيفى-نوع/شكل | |
| التقسيم الفرعي الشكلي | Reading book |
| 942 ## - عناصر المدخل الإضافي( كوها) | |
| مصدر التصنيف او مخطط الترفيف | Dewey Decimal Classification |
| Koha [default] item type | Book - Borrowing |
| حالة التراجع | حالة الفقد | مصدر التصنيف او خطة الترفيف | حالة تلف | ليس للاعارة | مجموعات كوها | المكان الدائم | المكان الحالي | موقع الترفيف | تاريخ الاكتساب | Source of acquisition | رقم الاستدعاء | الباركود | Date last seen | مُعار | نوع الوعاء |
|---|---|---|---|---|---|---|---|---|---|---|---|---|---|---|---|
| Dewey Decimal Classification | Central Library | Central Library | First floor | 23/06/2010 | Donation | 658.409 ه و ا | 000020998 | 15/07/2025 | 18/06/2015 | Book - Borrowing | |||||
| Dewey Decimal Classification | Donation-Gift | Central Library | Central Library | First floor | 20/11/2022 | Donation | 658.409 هـ و ا | 000056468 | 15/07/2025 | Book - Borrowing |